Estadísticas para Países del mundo con un Mapa que va Desapareciendo

Haz click aquí para intentar la prueba.

Estadísticas generales

  • Esta prueba ha sido intentada 2.741 veces
    (2.621 desde el último reinicio)
  • La puntuación promedio es 170 de 196

Respuestas en el mapa

Las respuestas están codificadas por una escala verde-roja en el mapa de la prueba según el % correcto abajo.
 

Estadísticas de respuestas

Country% Correcto
Estados Unidos
98%
Canadá
97%
México
97%
Argentina
96%
Brasil
96%
Chile
96%
España
96%
Francia
96%
Rusia
96%
Australia
95%
China
95%
Colombia
95%
Cuba
95%
Italia
95%
Paraguay
95%
Perú
95%
Portugal
95%
Reino Unido
95%
Uruguay
95%
Venezuela
95%
Alemania
94%
Bolivia
94%
Dinamarca
94%
India
94%
Irlanda
94%
Islandia
94%
Japón
94%
Noruega
94%
Suecia
94%
Corea del Norte
93%
Corea del Sur
93%
Ecuador
93%
Finlandia
93%
Grecia
93%
Madagascar
93%
Marruecos
93%
Polonia
93%
Sudáfrica
93%
Suiza
93%
Arabia Saudita
92%
Bélgica
92%
Egipto
92%
Estonia
92%
Mongolia
92%
Nueva Zelanda
92%
Países Bajos
92%
Panamá
92%
República Dominicana
92%
Turquía
92%
Ucrania
92%
Argelia
91%
Austria
91%
Bielorrusia
91%
Costa Rica
91%
Croacia
91%
Guyana
91%
Honduras
91%
Indonesia
91%
Irán
91%
Letonia
91%
Lituania
91%
República Democrática
del Congo
91%
Rumania
91%
Albania
90%
El Salvador
90%
Guatemala
90%
Haití
90%
Irak
90%
Nicaragua
90%
República del Congo
90%
Andorra
89%
Eslovaquia
89%
Eslovenia
89%
Hungria
89%
Kazajistán
89%
Luxemburgo
89%
Níger
89%
República Checa
89%
Surinam
89%
Afganistán
88%
Bulgaria
88%
Chipre
88%
Ciudad del Vaticano
88%
Filipinas
88%
Israel
88%
Jamaica
88%
Malta
88%
Nigeria
88%
Pakistán
88%
Serbia
88%
Sudán
88%
Tailandia
88%
Yemen
88%
Bahamas
87%
Belice
87%
Bosnia y
Herzegovina
87%
Emiratos Árabes Unidos
87%
Guinea
87%
Kosovo
87%
Libia
87%
Macedonia del Norte
87%
Moldavia
87%
Montenegro
87%
Omán
87%
Vietnam
87%
Angola
86%
Catar
86%
Kenia
86%
Papua Nueva Guinea
86%
San Marino
86%
Siria
86%
Somalia
86%
Túnez
86%
Armenia
85%
Azerbaiyán
85%
Cabo Verde
85%
Etiopía
85%
Laos
85%
Mónaco
85%
Nepal
85%
Senegal
85%
Sudán del Sur
85%
Uzbekistán
85%
Chad
84%
Georgia
84%
Jordania
84%
Malí
84%
Sri Lanka
84%
Taiwán
84%
Zambia
84%
Camboya
83%
Camerún
83%
Ghana
83%
Guinea Ecuatorial
83%
Liechtenstein
83%
Malasia
83%
Mauritania
83%
Mozambique
83%
Tanzania
83%
Turkmenistán
83%
Zimbabue
83%
Bután
82%
Costa de Marfil
82%
Eritrea
82%
Fiyi
82%
Lesoto
82%
Líbano
82%
Myanmar
82%
Trinidad y Tobago
82%
Uganda
82%
Antigua y Barbuda
81%
Bangladés
81%
Barbados
81%
Dominica
81%
Estados Federados
de Micronesia
81%
Kirguistán
81%
Maldivas
81%
República Centroafricana
81%
Santa Lucia
81%
Togo
81%
Botsuana
80%
Guinea-Bissau
80%
Liberia
80%
Mauricio
80%
Namibia
80%
Seychelles
80%
Granada
79%
Islas Marshall
79%
Kuwait
79%
Ruanda
79%
Tayikistán
79%
Benín
78%
Burkina Faso
78%
Gabón
78%
Islas Salomón
78%
San Vicente y las
Granadinas
78%
Suazilandia
78%
Baréin
77%
Burundi
77%
Gambia
77%
Malaui
77%
San Cristóbal y Nieves
77%
Sierra Leona
77%
Singapur
77%
Yibuti
77%
Brunéi
76%
Comoras
76%
Kiribati
76%
Santo Tomé y Príncipe
76%
Palaos
75%
Samoa
75%
Tonga
75%
Tuvalu
75%
Vanuatu
75%
Timor Oriental
74%
Nauru
73%

Distribución de puntuación

Porcentaje por número respondido

Porcentaje de gente con cada puntuación

Historial de tus puntuaciones

No has intentado esta prueba desde el último reinicio